[Event "GER-ch U25"]
[Site "Oberhof"]
[Date "2010.05.27"]
[Round "7"]
[White "Zuferi, Enis"]
[Black "Veit, Bjoern"]
[Result "1-0"]
[WhiteElo "1853"]
[BlackElo "1742"]
[PlyCount "41"]
[EventDate "2010.05.22"]
[EventType "swiss"]
[EventRounds "9"]
[EventCountry "GER"]
[SourceTitle "CBM 136 Extra"]
[Source "ChessBase"]
[SourceDate "2010.07.02"]
[SourceVersion "2"]
[SourceVersionDate "2010.07.15"]
[SourceQuality "1"]

1. d4 d5 2. c4 e6 3. Nc3 Nf6 4. cxd5 exd5 5. Bg5 Nbd7 6. e3 Be7 7. Bd3 0-0 8. Nge2 c6 9. f3 h6 10. Bh4 Re8 11. 0-0 c5 12. Rc1 cxd4 13. Nxd4 a6 14. Bb1 Nb6 15. Qd3 g6 16. Nce2 Nh5 17. Bf2 Nf6 18. Nf4 g5 19. Nh5 Nbd7 20. Ne6 Qa5 21. Nc7 1-0

[Event "GER-ch U25"]
[Site "Oberhof"]
[Date "2010.05.24"]
[Round "3"]
[White "Dohmann, Dorothea"]
[Black "Veit, Bjoern"]
[Result "0-1"]
[WhiteElo "1844"]
[BlackElo "1742"]
[PlyCount "86"]
[EventDate "2010.05.22"]
[EventType "swiss"]
[EventRounds "9"]
[EventCountry "GER"]
[SourceTitle "CBM 136 Extra"]
[Source "ChessBase"]
[SourceDate "2010.07.02"]
[SourceVersion "2"]
[SourceVersionDate "2010.07.15"]
[SourceQuality "1"]

1. c4 e6 2. Nc3 d5 3. cxd5 exd5 4. d4 Nf6 5. g3 Bf5 6. Bg2 c6 7. Nf3 Bd6 8. 0-0 0-0 9. Ng5 Re8 10. Re1 Nbd7 11. e4 dxe4 12. Ngxe4 Bxe4 13. Nxe4 Nxe4 14. Bxe4 Nf6 15. Bg5 h6 16. Bxf6 Qxf6 17. Rb1 Bb4 18. Re3 Rad8 19. Qd3 Kf8 20. Rd1 Bc5 21. Rf3 Qxd4 22. Rxf7+ Kg8 23. Qxd4 Bxd4 24. Bg6 Bxf2+ 25. Kxf2 Rxd1 26. Rxb7 Rd2+ 27. Kf3 Rf8+ 28. Kg4 Rxh2 29. Rxa7 Rxb2 30. a4 Rc8 31. Kh5 c5 32. Ra6 c4 33. Bf5 Rc5 34. Kg6 Rb8 35. Be6+ Kf8 36. Ra7 Rb6 37. Rf7+ Ke8 38. Kxg7 Rxe6 39. Rf8+ Kd7 40. Ra8 c3 41. Ra7+ Rc7 42. Ra5 c2 43. Rd5+ Rd6 0-1

[Event "GER-ch U16"]
[Site "Willingen"]
[Date "2009.06.06"]
[Round "9"]
[White "Kahleys, Kevin"]
[Black "Veit, Bjoern"]
[Result "1-0"]
[WhiteElo "2006"]
[BlackElo "1609"]
[PlyCount "31"]
[EventDate "2009.05.30"]
[EventType "swiss"]
[EventRounds "9"]
[EventCountry "GER"]
[SourceTitle "CBM 130 Extra"]
[Source "ChessBase"]
[SourceDate "2009.07.02"]
[SourceVersion "2"]
[SourceVersionDate "2009.07.15"]
[SourceQuality "1"]

1. d4 d5 2. c4 Nf6 3. cxd5 Nxd5 4. e4 Nf6 5. Nc3 e6 6. Nf3 Be7 7. Bc4 0-0 8. 0-0 b6 9. Qe2 Bb7 10. Rd1 Nbd7 11. h3 Qc8 12. Bf4 Rd8 13. Rac1 Nf8 14. Bb3 Ng6 15. Bh2 a6 16. Na4 1-0

[Event "GER-ch U14"]
[Site "Willingen"]
[Date "2007.06.01"]
[Round "9"]
[White "Veit, Bjoern"]
[Black "Maerz, Julian"]
[Result "0-1"]
[WhiteElo "1323"]
[BlackElo "1952"]
[PlyCount "68"]
[EventDate "2007.05.26"]
[EventType "swiss"]
[EventRounds "9"]
[EventCountry "GER"]
[SourceTitle "CBM 118 Extra"]
[Source "ChessBase"]
[SourceDate "2007.07.04"]
[SourceVersion "1"]
[SourceVersionDate "2007.07.04"]
[SourceQuality "1"]

1. e4 c5 2. Nf3 Nc6 3. d4 cxd4 4. Nxd4 e6 5. Nc3 Bb4 6. Ndb5 Nf6 7. a3 Bxc3+ 8. Nxc3 d5 9. exd5 exd5 10. Bd3 0-0 11. 0-0 d4 12. Ne4 Bf5 13. Nxf6+ Qxf6 14. Qf3 Bxd3 15. Qxf6 gxf6 16. cxd3 Ne5 17. Rd1 Rfc8 18. b4 Rc2 19. Bf4 Rac8 20. h3 R8c3 21. Bxe5 fxe5 22. Kf1 Kg7 23. a4 Rb2 24. Rab1 Rxb1 25. Rxb1 Rxd3 26. Rc1 Ra3 27. Rc7 Rxa4 28. Rxb7 Ra2 29. Rc7 Kg6 30. Rc6+ f6 31. h4 Ra4 32. Rc7 Rxb4 33. Rxa7 d3 34. Rd7 Rb1# 0-1

[Event "GER-ch U14"]
[Site "Willingen"]
[Date "2007.05.29"]
[Round "6"]
[White "Veit, Bjoern"]
[Black "Braeuer, Franz"]
[Result "0-1"]
[WhiteElo "1323"]
[BlackElo "1919"]
[PlyCount "44"]
[EventDate "2007.05.26"]
[EventType "swiss"]
[EventRounds "9"]
[EventCountry "GER"]
[SourceTitle "CBM 118 Extra"]
[Source "ChessBase"]
[SourceDate "2007.07.04"]
[SourceVersion "1"]
[SourceVersionDate "2007.07.04"]
[SourceQuality "1"]

1. e4 e5 2. Nf3 Nc6 3. d4 exd4 4. Nxd4 Nf6 5. Nxc6 bxc6 6. e5 Qe7 7. Qe2 Nd5 8. c4 Ba6 9. b3 f6 10. Bb2 0-0-0 11. exf6 Nxf6 12. Qxe7 Bxe7 13. Bd3 Bb4+ 14. Bc3 Rde8+ 15. Be2 Bxc3+ 16. Nxc3 d5 17. Kd2 d4 18. Na4 Ne4+ 19. Kc1 Nxf2 20. Kd2 Nxh1 21. Rxh1 Kb8 22. Rd1 Bc8 0-1

[Event "GER-ch U14"]
[Site "Willingen"]
[Date "2007.05.26"]
[Round "1"]
[White "Veit, Bjoern"]
[Black "Guennigmann, Manuel"]
[Result "0-1"]
[WhiteElo "1323"]
[BlackElo "1967"]
[PlyCount "60"]
[EventDate "2007.05.26"]
[EventType "swiss"]
[EventRounds "9"]
[EventCountry "GER"]
[SourceTitle "CBM 118 Extra"]
[Source "ChessBase"]
[SourceDate "2007.07.04"]
[SourceVersion "1"]
[SourceVersionDate "2007.07.04"]
[SourceQuality "1"]

1. Nc3 d5 2. e4 dxe4 3. Nxe4 Qd5 4. Ng3 Nc6 5. Nf3 e5 6. d3 Nf6 7. Bg5 Be7 8. Be2 0-0 9. 0-0 h6 10. Be3 Nd4 11. c3 Nxe2+ 12. Qxe2 Bg4 13. Rfd1 Rfd8 14. h3 Bxf3 15. Qxf3 Qxf3 16. gxf3 Nd5 17. d4 exd4 18. Rxd4 Nxe3 19. fxe3 Bc5 20. Rxd8+ Rxd8 21. Re1 g6 22. Kf1 Rd3 23. Kf2 f5 24. f4 Kf7 25. Nf1 g5 26. Ke2 Rd8 27. Kf3 Kg6 28. e4 gxf4 29. Kxf4 fxe4 30. Rxe4 Rf8+ 0-1

[Event "GER North-chT U16"]
[Site "Magdeburg"]
[Date "2006.08.27"]
[Round "3.1"]
[White "Pfeiffer, Daniel"]
[Black "Veit, Bjoern"]
[Result "1-0"]
[WhiteElo "1644"]
[BlackElo "1314"]
[PlyCount "59"]
[EventDate "2006.08.26"]
[EventType "team"]
[EventRounds "7"]
[EventCountry "GER"]
[SourceTitle "EXT 2007"]
[Source "ChessBase"]
[SourceDate "2006.11.23"]
[SourceVersion "1"]
[SourceVersionDate "2006.11.23"]
[SourceQuality "1"]

1. e4 e6 2. d4 d5 3. Nc3 Nf6 4. e5 Nfd7 5. f4 c5 6. Nf3 Nc6 7. Be3 Qb6 8. Qd2 Be7 9. Be2 0-0 10. 0-0 f6 11. exf6 Nxf6 12. Na4 Qc7 13. dxc5 Ne4 14. Qe1 Bxc5 15. Nxc5 Nxc5 16. Bxc5 Rxf4 17. Qg3 Rf7 18. Qxc7 Rxc7 19. Nd4 Bd7 20. Nb5 Rcc8 21. Nd6 Rc7 22. Rf2 b6 23. Ba3 Ne5 24. c3 Ng6 25. Nb5 Bxb5 26. Bxb5 a6 27. Be2 a5 28. Raf1 Rcc8 29. Bg4 Re8 30. h4 1-0

[Event "GER North-chT U16"]
[Site "Magdeburg"]
[Date "2006.08.27"]
[Round "4.1"]
[White "Veit, Bjoern"]
[Black "Rogasch, Miriam"]
[Result "1/2-1/2"]
[WhiteElo "1314"]
[BlackElo "1176"]
[PlyCount "39"]
[EventDate "2006.08.26"]
[EventType "team"]
[EventRounds "7"]
[EventCountry "GER"]
[SourceTitle "EXT 2007"]
[Source "ChessBase"]
[SourceDate "2006.11.23"]
[SourceVersion "1"]
[SourceVersionDate "2006.11.23"]
[SourceQuality "1"]

1. e4 e5 2. Nf3 Nc6 3. Bc4 Nf6 4. d3 Be7 5. Nc3 0-0 6. 0-0 d6 7. b3 Na5 8. Bb2 Nxc4 9. bxc4 Bg4 10. h3 Bh5 11. Qe2 c6 12. Qe3 Qd7 13. Ne2 Bd8 14. Ng3 Bb6 15. Qe2 Bg6 16. c3 Rfe8 17. d4 exd4 18. cxd4 Nxe4 19. Nxe4 Rxe4 20. Qd2 1/2-1/2

[Event "GER North-chT U16"]
[Site "Magdeburg"]
[Date "2006.08.26"]
[Round "2.1"]
[White "Rafayevych, Vilen"]
[Black "Veit, Bjoern"]
[Result "1/2-1/2"]
[WhiteElo "1495"]
[BlackElo "1314"]
[PlyCount "60"]
[EventDate "2006.08.26"]
[EventType "team"]
[EventRounds "7"]
[EventCountry "GER"]
[SourceTitle "EXT 2007"]
[Source "ChessBase"]
[SourceDate "2006.11.23"]
[SourceVersion "1"]
[SourceVersionDate "2006.11.23"]
[SourceQuality "1"]

1. d4 e6 2. c4 d5 3. Nf3 Nf6 4. Bg5 Be7 5. Nc3 0-0 6. e3 c6 7. cxd5 exd5 8. Rc1 Bg4 9. Bd3 Nbd7 10. 0-0 Qc7 11. Bb1 Bd6 12. h3 Bh5 13. Nb5 Qb8 14. Nxd6 Qxd6 15. Bf4 Qe6 16. Ng5 Bxd1 17. Nxe6 fxe6 18. Rcxd1 Rae8 19. Bd6 Rf7 20. f4 Nb6 21. b3 Rd8 22. Be5 Rc8 23. Rc1 Nbd7 24. g4 Ne8 25. h4 Nc7 26. h5 Nb5 27. g5 Nxe5 28. dxe5 Rff8 29. a4 Nc7 30. g6 h6 1/2-1/2

[Event "GER-ch U12"]
[Site "Willingen"]
[Date "2006.06.07"]
[Round "7"]
[White "Schareck, Martin"]
[Black "Veit, Bjoern"]
[Result "1/2-1/2"]
[WhiteElo "1294"]
[BlackElo "1500"]
[PlyCount "28"]
[EventDate "2006.06.03"]
[EventType "swiss"]
[EventRounds "11"]
[EventCountry "GER"]
[SourceTitle "EXT 2007"]
[Source "ChessBase"]
[SourceDate "2006.11.23"]
[SourceVersion "1"]
[SourceVersionDate "2006.11.23"]
[SourceQuality "1"]

1. d4 d5 2. c4 e6 3. Nc3 Nf6 4. Bg5 Be7 5. e3 0-0 6. cxd5 Nxd5 7. Bxe7 Qxe7 8. Nxd5 exd5 9. Bd3 c6 10. Nf3 Bg4 11. 0-0 Nd7 12. Be2 Rfe8 13. h3 Bf5 14. Bd3 Bxd3 1/2-1/2

[Event "GER-ch U12"]
[Site "Willingen"]
[Date "2006.06.05"]
[Round "5"]
[White "Spangenberg, Romy"]
[Black "Veit, Bjoern"]
[Result "1-0"]
[WhiteElo "1344"]
[BlackElo "1500"]
[PlyCount "83"]
[EventDate "2006.06.03"]
[EventType "swiss"]
[EventRounds "11"]
[EventCountry "GER"]
[SourceTitle "EXT 2007"]
[Source "ChessBase"]
[SourceDate "2006.11.23"]
[SourceVersion "1"]
[SourceVersionDate "2006.11.23"]
[SourceQuality "1"]

1. e4 e6 2. d4 d5 3. exd5 exd5 4. Bd3 Nf6 5. Nf3 Bd6 6. 0-0 0-0 7. Bg5 Be6 8. Nc3 Nbd7 9. Re1 Re8 10. Qd2 c6 11. Rac1 Qc7 12. Bxf6 Nxf6 13. Ne5 Bd7 14. Qe2 Ng4 15. h3 Nxe5 16. dxe5 Rxe5 17. Qd2 Rae8 18. Ne2 R5e6 19. c4 dxc4 20. Bxc4 Rf6 21. Nc3 Rxe1+ 22. Rxe1 b5 23. Bb3 a5 24. Ne4 Rg6 25. Nxd6 Rxd6 26. Qf4 Be6 27. Rxe6 Rd1+ 28. Bxd1 Qd7 29. Qd6 Qxd6 30. Rxd6 g6 31. Rxc6 b4 32. Ra6 h5 33. Rxa5 Kg7 34. Ra4 b3 35. Bxb3 g5 36. Ra7 Kh6 37. Bxf7 h4 38. Ra6+ Kg7 39. Bc4 Kf8 40. Ra7 Ke8 41. Kf1 Kd8 42. Ke2 1-0

[Event "GER-ch U12"]
[Site "Willingen"]
[Date "2006.06.04"]
[Round "2"]
[White "Veit, Bjoern"]
[Black "Kropman, Alexei"]
[Result "0-1"]
[WhiteElo "1500"]
[BlackElo "1669"]
[PlyCount "76"]
[EventDate "2006.06.03"]
[EventType "swiss"]
[EventRounds "11"]
[EventCountry "GER"]
[SourceTitle "EXT 2007"]
[Source "ChessBase"]
[SourceDate "2006.11.23"]
[SourceVersion "1"]
[SourceVersionDate "2006.11.23"]
[SourceQuality "1"]

1. e4 e6 2. d4 d5 3. Nc3 Bb4 4. e5 c5 5. Nf3 Qc7 6. Bf4 Bd7 7. Bd3 cxd4 8. a3 Ba5 9. b4 dxc3 10. bxa5 Ne7 11. a6 Nxa6 12. Bxa6 bxa6 13. 0-0 Ng6 14. Bg3 0-0 15. Rb1 Bb5 16. Re1 Rfd8 17. Qd4 Qa5 18. Rb3 Rdc8 19. Re3 Rc4 20. Qd3 Rac8 21. Nd4 R8c7 22. Ne2 Ra4 23. Qd1 Bxe2 24. Qxe2 h6 25. f3 Rxa3 26. Rxa3 Qxa3 27. Be1 d4 28. Rd3 Nf4 29. Qe4 Nxd3 30. Qxd3 Qc5 31. Bf2 Qc4 32. Qxd4 Qxd4 33. Bxd4 a5 34. Be3 a4 35. Bc1 Rb7 36. Kf2 Rb1 37. Ba3 Rb3 38. cxb3 axb3 0-1